Análisis de la maquinaria y secuencia de operaciones empleada para la preparación de café oro (Coffea arabica) en un beneficio a gran escala en Costa Rica
Zapisane w:
| 1. autor: | |
|---|---|
| Format: | Książka |
| Wydane: |
San José, C.R.
1997
|
| Hasła przedmiotowe: | |
| Etykiety: |
Dodaj etykietę
Nie ma etykietki, Dołącz pierwszą etykiete!
|
MARC
| LEADER | 00000nam a2200000Ia 4500 | ||
|---|---|---|---|
| 003 | 010200 | ||
| 005 | 20221231144205.0 | ||
| 008 | 140114s1997 cr a 000 ||s d | ||
| 040 | |c cru CEDI | ||
| 090 | |a TFG 4221 | ||
| 100 | |a Mairena Navarro, Edgar |9 7975 | ||
| 245 | |a Análisis de la maquinaria y secuencia de operaciones empleada para la preparación de café oro (Coffea arabica) en un beneficio a gran escala en Costa Rica | ||
| 260 | |c 1997 |a San José, C.R. | ||
| 300 | |a xiii, 119 hojas : ilustraciones (algunas a color) | ||
| 500 | |a Tesis (licenciatura en ingeniería agrícola)--Universidad de Costa Rica. Facultad de Ingeniería. Escuela de Ingeniería Agrícola, | ||
| 650 | |x BENEFICIO DE CAFE |x MAQUINARIA AGRICOLA |9 7977 | ||
| 942 | |c TFG | ||
| 999 | |c 18204 |d 18204 | ||
